000 00274nam a2200109Ia 4500
008 200302s9999 xx 000 0 und d
100 _aB. C. Punmia & Others
245 _aWater Supply Engineering
260 _bLaxmi publications (P) Ltd.
260 _c1999
300 _a584 P.,
999 _c1107
_d1107